Normal view MARC view
  • Cristianismo

Entry Materia

Number of records used in: 18

001 - NÚMERO DE CONTROL DEL REGISTRO

  • campo de control: 11436

003 - IDENTIFICADOR DE NUMERO DE CONTROL

  • campo de control: UPN

005 - FECHA Y HORA DE LA ÚLTIMA TRANSACCIÓN

  • campo de control: 20240911091208.0

008 - DATOS DE LONGITUD FIJA

  • campo de control de longitud fija: 220903nn acannaabn n ana d

035 ## - NÚMERO DE CONTROL DEL SISTEMA

  • Número de control del sistema: UPN10000011443

040 ## - FUENTE DE LA CATALOGACIÓN

  • Lengua de catalogación: SPA
  • Agencia de transcripción: UPN
  • Centro catalogador de origen: UPN

046 ## - FECHAS CON CODIFICACIÓN ESPECIAL

  • Fecha final para contenidos agregados: 2022

053 #4 - NÚMERO CLASIFICADOR - BIBLIOTECA DEL CONGRESO (LC)

  • Elemento numérico de la clasificación - Número único o no. inicial del rango: BR1
  • Elemento numérico de la clasificación - Número único o no. final del rango: BR137

150 ## - ENCABEZAMIENTO - TEMÁTICO

  • Término de materia o nombre geográfico como elemento inicial: Cristianismo

360 ## - REFERENCIA COMPLEJA DE VÉASE ADEMÁS - MATERIA

  • Texto explicativo: Véase también encabezamientos que principian con la palabra
  • Encabezamiento al que se remite: CRISTIANO
  • Texto explicativo: e
  • Encabezamiento al que se remite: IGLESIA;
  • Texto explicativo: y nombres de iglesias cristianas y sectas. Ej.:
  • Encabezamiento al que se remite: HUGONOTES; IGLESIA CATOLICA; IGLESIA LUTERANA

670 ## - FUENTE EN LA QUE SE LOCALIZARON DATOS

  • Cita de la fuente: E

902 ## - CATALOGADOR

  • Catalogador: LG/030197